| 000 | 00385nam a2200133Ia 4500 | ||
|---|---|---|---|
| 008 | 231129s9999||||xx |||||||||||||| ||spa|| | ||
| 020 | _a950-13-6117-9 | ||
| 040 | _bspa | ||
| 082 | _a370.98 W423m | ||
| 100 | _aSharmat Marjorie Weinman | ||
| 245 | 0 | _aModelos educativos en la historia de América Latina | |
| 264 | _aKapelusz | ||
| 942 |
_2ddc _cBKS |
||
| 999 |
_c21340 _d21340 |
||